| 000 | 01035nac a22003137a 4500 | ||
|---|---|---|---|
| 001 | BR8302112 | ||
| 003 | BR-BrBNA | ||
| 005 | 20240105115707.0 | ||
| 008 | 230509b bl.|||m| |||| 00| 0 por d | ||
| 040 |
_aBR-BrBNA _bpor _cBiblioteca Nacional de Agricultura |
||
| 072 | _aP05 | ||
| 090 | _a8961 BR8302112 | ||
| 100 | 1 | _aRobbs, P.G. | |
| 100 | 1 | _aSantana, D.M. da N. | |
| 100 | 1 | _aGularte, J.L. dos S. | |
| 100 | 1 | _aTeixeira, C.G. | |
| 110 | 1 |
_aCentro de Tecnologia Agricola e Alimentar, Rio de Janeiro, RJ (Brasil) _91664 |
|
| 245 | 1 | _aProducao de etanol a partir de farinha de graos de sorgo sacarino | |
| 246 | 1 | _a[Ethanol production from grain flour and saccharine sorghum] | |
| 260 | 3 |
_aRio de Janeiro, RJ (Brasil): _c1983. |
|
| 300 | _a32 p. | ||
| 490 |
_aDocumentos - Centro de Tecnologia Agricola e Alimentar (Brazil) _vno. 3 _x |
||
| 650 | _aETANOL | ||
| 650 | _aSORGO ACUCAREIRO | ||
| 650 | _aFARINHA | ||
| 650 | _aCOMBUSTIVEL | ||
| 909 |
_a202312 _bLúcia Elande _c55 _dLúcia Elande |
||
| 942 |
_2AGRIS _n0 _cMS |
||
| 999 |
_c275942 _d275942 |
||